སྟོན༌པ༌ཐུགས༌རྗེ༌ཅན༌གྱི༌རྣམ༌ཐར། འཕགས༌བོད༌པན༌གྲུབ༌རྒྱ༌མཚོའི༌རྟོགས༌བརྗོད༌བཅས༌ཕྱོགས༌གཅིག༌ཏུ༌བཀོད༌པ༌དད༌གསུམ༌པདྨོ༌བཞད༌པའི༌ཉིན༌བྱེད༌ཅེས༌བྱ༌བ༌བཏུགས༌སོ། (Record no. 3558)

MARC details
000 -LEADER
fixed length control field 00939nam a2200181 4500
001 - CONTROL NUMBER
control field 4309
005 - DATE AND TIME OF LATEST TRANSACTION
control field 20191028123508.0
008 - FIXED-LENGTH DATA ELEMENTS--GENERAL INFORMATION
fixed length control field 191028b ||||| |||| 00| 0 eng d
090 00 - LOCALLY ASSIGNED LC-TYPE CALL NUMBER (OCLC); LOCAL CALL NUMBER (RLIN)
Classification number (OCLC) (R) ; Classification number, CALL (RLIN) (NR) 244.2 N1748t 2012
245 00 - TITLE STATEMENT
Title སྟོན༌པ༌ཐུགས༌རྗེ༌ཅན༌གྱི༌རྣམ༌ཐར། འཕགས༌བོད༌པན༌གྲུབ༌རྒྱ༌མཚོའི༌རྟོགས༌བརྗོད༌བཅས༌ཕྱོགས༌གཅིག༌ཏུ༌བཀོད༌པ༌དད༌གསུམ༌པདྨོ༌བཞད༌པའི༌ཉིན༌བྱེད༌ཅེས༌བྱ༌བ༌བཏུགས༌སོ།
Statement of responsibility, etc. Namkhai Nyingpo Dratshang.
246 ## - VARYING FORM OF TITLE
Title proper/short title [Biography of Lord Buddhha].
260 00 - PUBLICATION, DISTRIBUTION, ETC.
Place of publication, distribution, etc. Bumthang :
Name of publisher, distributor, etc. Namkhai Nyingpo Dratshang,
Date of publication, distribution, etc. 2012.
300 00 - PHYSICAL DESCRIPTION
Extent 764 p. ; 25 cm.
500 00 - GENERAL NOTE
General note In Dzongkha.
650 00 - SUBJECT ADDED ENTRY--TOPICAL TERM
Topical term or geographic name entry element Buddhism --Doctrines.
Topical term or geographic name entry element Religious aspects --Buddhism.
942 ## - ADDED ENTRY ELEMENTS (KOHA)
Source of classification or shelving scheme Dewey Decimal Classification
Koha item type Student Reserve
Holdings
Withdrawn status Lost status Source of classification or shelving scheme Damaged status Not for loan Collection code Home library Current library Shelving location Serial Enumeration / chronology Inventory number Total Checkouts Full call number Barcode Date last seen Price effective from Koha item type
    Dewey Decimal Classification     Reference RTC Library RTC Library Reference 7833   920 NYI 30009858 27/11/2018 27/11/2018 Reference
Royal Thimphu College || All Right Reserved